000 01257nam a22002897a 4500
003 dpl
005 20180711140705.0
008 180711b xxu||||| |||| 00| 0 eng d
010 _aB-069812
020 _c395.00
_a8126704365
035 _aB-069812, B-069816
037 _bCen Lib/Ret
040 _aDPL
_bHN
_c0
082 _a
_bरशीदो
100 _aरशीदोव, शराफ
_968120
245 _aविजेता /
_cशराफ रशीदोव ; अनुवादक सुधीर कुमार माथुर
246 _aVijeta /
_bby Sharaf Rashido ; anuvadak Sudheer Kumar Mathur
260 _aनई दिल्ली
_bराजकमल प्रकाशन
_c2009
270 _bनई दिल्ली
_a1-बी, नेताजी सुभाष मार्ग
_e110002
300 _axv,322पृ.
_c19सेमी (सजिल्द)
650 _aहिंदी साहित्य
_968121
650 _aहिंदी साहित्य
_xउपन्यास
_942619
650 _aHindi literature
_968122
650 _aHindi literature
_xfiction
_968123
700 _aमाथुर, सुधीर माथुर
_968124
942 _2ddc
_cHN
_h
_mरशीदो
999 _c116746
_d116746